000 00846cam a2200253 4500
001 24128
003 BD-RjUL
005 20211209001019.0
008 140312t19671966mauc 000 0beng
035 _a(BD-RjUL)24194
035 _a4532700
040 _aDLC
_cDLC
_dBD-RjUL
_beng
041 _aeng
082 0 0 _a973.91309
_bFRT 1966
100 1 _aFreud, Sigmund,
_d1856-1939.
_974333
245 1 0 _aThomas Woodrow Wilson, twenty-eighth President of the United States :
_ba psychological study /
_cby Sigmund Freud and William C. Bullitt.
260 _aBoston :
_bHoughton Mifflin,
_cc1966.
300 _axxii, 307 p. :
_bport. ;
_c24 cm.
600 1 0 _aWilson, Woodrow,
_d1856-1924
_xPsychology.
_974349
700 1 _aBullitt, William C.
_q(William Christian),
_d1891-1967.
_974335
942 _2ddc
_cBK
999 _c24128
_d24128